00342nam a2200145Ia 4500003000500000008004100005020001800046040001900064082000700083100001900090245002600109260004100135300000800176546001200184STCL181203s9999 xx 000 0 und d a9788189059675 aSTCLbENcSTCL 222 aAmbedkar, B.R. 0aAnnihilation of Caste bNavayana PublishingaNew Delhic1936 a415 aEnglish